000 00440nam a2200181Ia 4500
008 230524s9999 xx 000 0 und d
020 _a8158938938
082 _a621.8
_bGHO
100 _aAmitabha Ghosh
245 0 _a"Theory of Mechanisms and Machines, "
250 _a3
260 _aNew Delhi
_bEWP
_c2012
300 _a630p;
500 _aQuantity Number: 10
650 _aMechanics
700 _aAsok Kumar Mallik
942 _cBK
999 _c53694
_d53694